000 00511nam a2200181Ia 4500
008 090123s9999 xx 000 0 und d
082 _b23657
100 _aनिसळ शांता
245 _aसुरभी
250 _a1
260 _bअनिरुध्द साहित्य प्रकाशन
_c1994
300 _a159
600 _aनिसळ शांता
630 _aसुरभी
700 _aनिसळ शांता
730 _aसुरभी
942 _cBOOK
999 _c61728
_d61728